Antigas Civilizações As Cidades secretas da Amazónia (Record no. 44344)
[ view plain ]
| 000 -Etiqueta do registo | |
|---|---|
| Valores | 00475nam a2200181 4500 |
| 100 ## - Dados gerais de processamento | |
| Dados gerais | 20250319 pory50 |
| 101 ## - Língua de publicação | |
| Língua | por |
| -- | ing |
| 102 ## - País de publicação | |
| País | PT |
| 200 ## - Titulo e menção de responsabilidade | |
| Título próprio | Antigas Civilizações As Cidades secretas da Amazónia |
| Primeira menção de responsabilidade | National Geographic |
| 210 ## - Publicação | |
| Local de publicação | [S.l.] |
| Nome do editor | National Geographic |
| Data de publicação | [d. reg. 2009] |
| 215 ## - Descrição física | |
| Paginação / Volumes | 1 DVD |
| 225 ## - Colecção | |
| Título próprio da colecção | National Geographic |
| 300 ## - Notas gerais | |
| Texto da nota | 50 min<br/>M/6 |
| 675 ## - CDU | |
| Notação | 94(3) |
| 801 ## - Fonte de origem | |
| País | PT |
| Regras de catalogação | RPC |
| 990 ## - Elementos KOHA | |
| Tipo de documento | Filme DVD |
| Aquisição | Empréstimo | Código de barras | Cota | Permissão de empréstimo | Tipo de documento | Nota relativa ao exemplar |
|---|---|---|---|---|---|---|
| Biblioteca Escolar Doutor Hernâni Cidade | Biblioteca Escolar Doutor Hernâni Cidade | 80840 | DOC NAT GEOG | Livro | 414 Documentário da National Geographic sobre Antigas civilizações da amazónia |